| 000 | 00353nam a2200133Ia 4500 | ||
|---|---|---|---|
| 008 | 220331s9999||||xx |||||||||||||| ||und|| | ||
| 020 | _a9781422177808 | ||
| 082 | _a650.4063 MAR | ||
| 100 |
_aMartin, Roger _913200 |
||
| 245 | 4 | _aThe design of business | |
| 260 |
_aBoston _bHarverd Business _c2009 |
||
| 300 |
_aXIII, 191p. _b1799 |
||
| 650 | _aManagement | ||
| 999 |
_c189468 _d189468 |
||